01284cam a2200361 a 4500001001000000003000900010005001700019007001000036008004100046020001500087040002200102092001900124100003700143240003300180245008600213260003100299300002100330490004300351504004300394534004000437650002000477650001900497650002300516700003500539830004400574910003700618930004100655942001200696952012000708956003900828956004000867999001500907000020114DO-SdBNP20151119112917.0000020114700702s1999 dr 000 d spa d a8481301515 aBPMSUbspacBPMSU a822.33 bS527r1 aShakespeare, William,d1564-161610aRomeo and Juliet.lEspañol10aRomeo y Julieta /cWilliam Shakespeare ; traducción de José María Valverde. aMadrid :bMilenium,c1999. a126 p. ;c21 cm.1 aMilenium. Las 100 joyas del mileniov4 aIncluye notas al pie de las páginas. aTítulo original: Romeo and Juliet 4aTEATRO INGLÉS 4aDRAMA INGLÉS 4aLITERATURA INGLESA12aValverde, José María,etr. 0aMilenium Las 100 joyas del milenio ;n4 aValidado. Control de calidad MFF 1lBND01mLF1h822.33820100721f04pHD 2ddccBK 00102ddc40708GENaBPMETbBPMETd2015-11-13eFUNDIl0o822.33 S527rpBPMSU15110246r2015-11-13w2015-11-13yBK aMFILETOb40c20150423lBND01h1324 aVMATEOb10c20150505lBMET02h00151 c8693d8693